Statystyki dla Państwa leżące nad co najmniej dwoma oceanami

Kliknij tutaj aby rozwiązać quiz!

Ogólne statystyki

  • Ten quiz został rozwiązany 5 341 razy
  • Średni wynik to 15 z 22

Statystyki odpowiedzi

Ocean nr. 1Ocean nr. 2Ocean nr. 3Kraj% Poprawnych
ArktycznyAtlantyckiSpokojnyStany Zjednoczone
98%
ArktycznyAtlantyckiSpokojnyKanada
95%
ArktycznyAtlantycki
Morze Bałtyckie
SpokojnyRosja
94%
IndyjskiSpokojnyAustralia
87%
Atlantycki
Zatoka Meksykańska
SpokojnyMeksyk
86%
Arktyczny
Morze Barentsa
Atlantycki
Morze Norweskie
Norwegia
81%
AtlantyckiIndyjskiPołudniowa Afryka
80%
IndyjskiSpokojnyIndonezja
79%
Atlantycki
Morze Karaibskie
SpokojnyPanama
75%
AtlantyckiSpokojny
Cieśniny Magellana
Argentyna
71%
Atlantycki
Cieśniny Magellana
SpokojnyChile
71%
Indyjski
Morze Andamańskie
Spokojny
Zatoka Tajlandzka
Tajlandia
66%
Atlantycki
Morze Karaibskie
SpokojnyKostaryka
63%
Atlantycki
Morze Śródziemne
Indyjski
Morze Czerwone
Egipt
62%
Atlantycki
Morze Karaibskie
Spokojny
Zatoka Fonseca
Honduras
62%
Atlantycki
Morze Karaibskie
SpokojnyNikaragua
62%
Atlantycki
Morze Karaibskie
SpokojnyGwatemala
59%
Atlantycki
Morze Karaibskie
SpokojnyKolumbia
59%
Indyjski
Morze Andamańskie
Spokojny
Morze Południowochińskie
Malezja
59%
Indyjski
Morze Timor
Spokojny
Morze Flores
Timor Wschodni
48%
AtlantyckiIndyjskiSpokojnyFrancja
47%
Atlantycki
Morze Śródziemne
Indyjski
Zatoka Akaba
Izrael
38%

Rozkład punktacji

Percentyl według liczby udzielonych odpowiedzi

Procent ludzi z każdym wynikiem

Twoja historia wyników

Nie rozwiązałeś tego quizu